<?xml version="1.0" encoding="UTF-8"?>
<record
    xmlns:xsi="http://www.w3.org/2001/XMLSchema-instance"
    xsi:schemaLocation="http://www.loc.gov/MARC21/slim http://www.loc.gov/standards/marcxml/schema/MARC21slim.xsd"
    xmlns="http://www.loc.gov/MARC21/slim">

  <leader>02911    a2200253   4500</leader>
  <controlfield tag="003">NALT</controlfield>
  <controlfield tag="005">20241009150106.0</controlfield>
  <controlfield tag="008">240319b        th ||||| |||| 00| 0 tha d</controlfield>
  <datafield tag="020" ind1=" " ind2=" ">
    <subfield code="a">9786165620130</subfield>
  </datafield>
  <datafield tag="040" ind1=" " ind2=" ">
    <subfield code="a">NALT</subfield>
  </datafield>
  <datafield tag="050" ind1=" " ind2=" ">
    <subfield code="a">DS 568 </subfield>
    <subfield code="b">&#xE20;522&#xE1B; 2563</subfield>
  </datafield>
  <datafield tag="100" ind1="0" ind2=" ">
    <subfield code="a">&#xE20;&#xE34;&#xE0D;&#xE0D;&#xE1E;&#xE31;&#xE19;&#xE18;&#xE38;&#xE4C; &#xE1E;&#xE08;&#xE19;&#xE30;&#xE25;&#xE32;&#xE27;&#xE31;&#xE13;&#xE22;&#xE4C;</subfield>
    <subfield code="9">36343</subfield>
  </datafield>
  <datafield tag="245" ind1="1" ind2="0">
    <subfield code="a">&#xE1B;&#xE23;&#xE30;&#xE27;&#xE31;&#xE15;&#xE34;&#xE28;&#xE32;&#xE2A;&#xE15;&#xE23;&#xE4C;&#xE41;&#xE2B;&#xE48;&#xE07;&#xE01;&#xE32;&#xE23;&#xE40;&#xE14;&#xE34;&#xE19;&#xE17;&#xE32;&#xE07;&#xE41;&#xE25;&#xE30;&#xE20;&#xE39;&#xE21;&#xE34;&#xE28;&#xE32;&#xE2A;&#xE15;&#xE23;&#xE4C;&#xE01;&#xE32;&#xE23;&#xE40;&#xE21;&#xE37;&#xE2D;&#xE07;&#xE43;&#xE19;&#xE23;&#xE2D;&#xE1A;&#xE28;&#xE15;&#xE27;&#xE23;&#xE23;&#xE29; : </subfield>
    <subfield code="b">&#xE27;&#xE48;&#xE32;&#xE14;&#xE49;&#xE27;&#xE22;&#xE01;&#xE32;&#xE23;&#xE17;&#xE48;&#xE2D;&#xE07;&#xE40;&#xE17;&#xE35;&#xE48;&#xE22;&#xE27;&#xE43;&#xE19;&#xE10;&#xE32;&#xE19;&#xE30;&#xE21;&#xE23;&#xE14;&#xE01;&#xE41;&#xE2B;&#xE48;&#xE07;&#xE01;&#xE32;&#xE23;&#xE2A;&#xE23;&#xE49;&#xE32;&#xE07;&#xE0A;&#xE32;&#xE15;&#xE34;&#xE02;&#xE2D;&#xE07;&#xE23;&#xE31;&#xE10;&#xE44;&#xE17;&#xE22;&#xE08;&#xE32;&#xE01;&#xE23;&#xE31;&#xE10;&#xE08;&#xE32;&#xE23;&#xE35;&#xE15; &#xE2A;&#xE07;&#xE04;&#xE23;&#xE32;&#xE21;&#xE40;&#xE27;&#xE35;&#xE22;&#xE14;&#xE19;&#xE32;&#xE21;&#xE2A;&#xE39;&#xE48;&#xE22;&#xE38;&#xE04;&#xE23;&#xE31;&#xE10;&#xE1B;&#xE23;&#xE30;&#xE2B;&#xE32;&#xE23; 2549 = On Thai tourism /</subfield>
    <subfield code="c">&#xE20;&#xE34;&#xE0D;&#xE0D;&#xE1E;&#xE31;&#xE19;&#xE18;&#xE38;&#xE4C; &#xE1E;&#xE08;&#xE19;&#xE30;&#xE25;&#xE32;&#xE27;&#xE31;&#xE13;&#xE22;&#xE4C;, &#xE40;&#xE02;&#xE35;&#xE22;&#xE19; ; &#xE27;&#xE23;&#xE34;&#xE28; &#xE25;&#xE34;&#xE02;&#xE34;&#xE15;&#xE2D;&#xE19;&#xE38;&#xE2A;&#xE23;&#xE13;&#xE4C;, &#xE1A;&#xE23;&#xE23;&#xE13;&#xE32;&#xE18;&#xE34;&#xE01;&#xE32;&#xE23;.</subfield>
  </datafield>
  <datafield tag="260" ind1=" " ind2=" ">
    <subfield code="a">&#xE01;&#xE23;&#xE38;&#xE07;&#xE40;&#xE17;&#xE1E;&#xE2F; : </subfield>
    <subfield code="b">&#xE2A;&#xE21;&#xE21;&#xE15;&#xE34;, </subfield>
    <subfield code="c">2563.</subfield>
  </datafield>
  <datafield tag="300" ind1=" " ind2=" ">
    <subfield code="a">231 &#xE2B;&#xE19;&#xE49;&#xE32; :</subfield>
    <subfield code="b">&#xE20;&#xE32;&#xE1E;&#xE1B;&#xE23;&#xE30;&#xE01;&#xE2D;&#xE1A;, &#xE15;&#xE32;&#xE23;&#xE32;&#xE07; ;</subfield>
    <subfield code="c">21 &#xE0B;&#xE21;.</subfield>
  </datafield>
  <datafield tag="505" ind1="2" ind2=" ">
    <subfield code="a">&#xE19;&#xE34;&#xE23;&#xE32;&#xE28;&#xE41;&#xE25;&#xE30;&#xE22;&#xE32;&#xE15;&#xE23;&#xE32;&#xE01;&#xE32;&#xE23;&#xE40;&#xE14;&#xE34;&#xE19;&#xE17;&#xE32;&#xE07;&#xE41;&#xE2B;&#xE48;&#xE07;&#xE22;&#xE38;&#xE04;&#xE08;&#xE32;&#xE23;&#xE35;&#xE15; (&#xE17;&#xE28;&#xE27;&#xE23;&#xE23;&#xE29; 2320 &#xE16;&#xE36;&#xE07; &#xE17;&#xE28;&#xE27;&#xE23;&#xE23;&#xE29; 2420) -- &#xE1E;&#xE31;&#xE01;&#xE1C;&#xE48;&#xE2D;&#xE19;&#xE2B;&#xE22;&#xE48;&#xE2D;&#xE19;&#xE43;&#xE08; &#xE01;&#xE32;&#xE23;&#xE40;&#xE14;&#xE34;&#xE19;&#xE17;&#xE32;&#xE07;&#xE02;&#xE2D;&#xE07;&#xE40;&#xE08;&#xE49;&#xE32;&#xE19;&#xE32;&#xE22;&#xE41;&#xE25;&#xE30;&#xE0A;&#xE19;&#xE0A;&#xE31;&#xE49;&#xE19;&#xE1C;&#xE39;&#xE49;&#xE21;&#xE35;&#xE40;&#xE27;&#xE25;&#xE32;&#xE27;&#xE48;&#xE32;&#xE07; (&#xE17;&#xE28;&#xE27;&#xE23;&#xE23;&#xE29; 2430 &#xE16;&#xE36;&#xE07; &#xE1E;&#xE38;&#xE17;&#xE18;&#xE28;&#xE31;&#xE01;&#xE23;&#xE32;&#xE0A; 2475) -- &#xE23;&#xE38;&#xE48;&#xE07;&#xE2D;&#xE23;&#xE38;&#xE13;&#xE41;&#xE2B;&#xE48;&#xE07;&#xE23;&#xE31;&#xE10;&#xE1B;&#xE23;&#xE30;&#xE0A;&#xE32;&#xE0A;&#xE32;&#xE15;&#xE34; &#xE01;&#xE32;&#xE23;&#xE17;&#xE48;&#xE2D;&#xE07;&#xE40;&#xE17;&#xE35;&#xE48;&#xE22;&#xE27;&#xE01;&#xE31;&#xE1A;&#xE0A;&#xE32;&#xE15;&#xE34;&#xE19;&#xE34;&#xE22;&#xE21;&#xE41;&#xE25;&#xE30;&#xE17;&#xE49;&#xE2D;&#xE07;&#xE16;&#xE34;&#xE48;&#xE19;&#xE19;&#xE34;&#xE22;&#xE21; (&#xE1E;&#xE38;&#xE17;&#xE18;&#xE28;&#xE31;&#xE01;&#xE23;&#xE32;&#xE0A; 2475 &#xE16;&#xE36;&#xE07; &#xE1E;&#xE38;&#xE17;&#xE18;&#xE28;&#xE31;&#xE01;&#xE23;&#xE32;&#xE0A; 2500) -- &#xE23;&#xE32;&#xE22;&#xE44;&#xE14;&#xE49;&#xE08;&#xE32;&#xE01;&#xE2A;&#xE07;&#xE04;&#xE23;&#xE32;&#xE21;&#xE41;&#xE25;&#xE30;&#xE01;&#xE32;&#xE23;&#xE01;&#xE25;&#xE32;&#xE22;&#xE40;&#xE1B;&#xE47;&#xE19;&#xE2D;&#xE38;&#xE15;&#xE2A;&#xE32;&#xE2B;&#xE01;&#xE23;&#xE23;&#xE21;&#xE17;&#xE48;&#xE2D;&#xE07;&#xE40;&#xE17;&#xE35;&#xE48;&#xE22;&#xE27; (&#xE1E;&#xE38;&#xE17;&#xE18;&#xE28;&#xE31;&#xE01;&#xE23;&#xE32;&#xE0A; 2500 &#xE16;&#xE36;&#xE07; &#xE1E;&#xE38;&#xE17;&#xE18;&#xE28;&#xE31;&#xE01;&#xE23;&#xE32;&#xE0A; 2522) -- &#xE40;&#xE17;&#xE35;&#xE48;&#xE22;&#xE27;&#xE2A;&#xE23;&#xE49;&#xE32;&#xE07;&#xE44;&#xE17;&#xE22; &#xE01;&#xE32;&#xE23;&#xE02;&#xE22;&#xE32;&#xE22;&#xE15;&#xE31;&#xE27;&#xE02;&#xE2D;&#xE07;&#xE15;&#xE25;&#xE32;&#xE14;&#xE20;&#xE32;&#xE22;&#xE43;&#xE19;&#xE41;&#xE25;&#xE30;&#xE01;&#xE32;&#xE23;&#xE2B;&#xE25;&#xE31;&#xE48;&#xE07;&#xE44;&#xE2B;&#xE25;&#xE08;&#xE32;&#xE01;&#xE15;&#xE48;&#xE32;&#xE07;&#xE0A;&#xE32;&#xE15;&#xE34; (&#xE1E;&#xE38;&#xE17;&#xE18;&#xE28;&#xE31;&#xE01;&#xE23;&#xE32;&#xE0A; 2522 &#xE16;&#xE36;&#xE07; &#xE1E;&#xE38;&#xE17;&#xE18;&#xE28;&#xE31;&#xE01;&#xE23;&#xE32;&#xE0A; 2549).</subfield>
  </datafield>
  <datafield tag="650" ind1=" " ind2="4">
    <subfield code="a">&#xE2D;&#xE38;&#xE15;&#xE2A;&#xE32;&#xE2B;&#xE01;&#xE23;&#xE23;&#xE21;&#xE17;&#xE48;&#xE2D;&#xE07;&#xE40;&#xE17;&#xE35;&#xE48;&#xE22;&#xE27; </subfield>
    <subfield code="z">&#xE44;&#xE17;&#xE22;</subfield>
    <subfield code="9">9912</subfield>
  </datafield>
  <datafield tag="651" ind1=" " ind2="4">
    <subfield code="a">&#xE44;&#xE17;&#xE22;</subfield>
    <subfield code="x">&#xE1B;&#xE23;&#xE30;&#xE27;&#xE31;&#xE15;&#xE34;&#xE28;&#xE32;&#xE2A;&#xE15;&#xE23;&#xE4C;</subfield>
    <subfield code="9">4350</subfield>
  </datafield>
  <datafield tag="651" ind1=" " ind2="4">
    <subfield code="a">&#xE44;&#xE17;&#xE22;</subfield>
    <subfield code="x">&#xE20;&#xE39;&#xE21;&#xE34;&#xE1B;&#xE23;&#xE30;&#xE40;&#xE17;&#xE28;&#xE41;&#xE25;&#xE30;&#xE01;&#xE32;&#xE23;&#xE17;&#xE48;&#xE2D;&#xE07;&#xE40;&#xE17;&#xE35;&#xE48;&#xE22;&#xE27;</subfield>
    <subfield code="9">482</subfield>
  </datafield>
  <datafield tag="700" ind1="0" ind2=" ">
    <subfield code="a">&#xE27;&#xE23;&#xE34;&#xE28; &#xE25;&#xE34;&#xE02;&#xE34;&#xE15;&#xE2D;&#xE19;&#xE38;&#xE2A;&#xE23;&#xE13;&#xE4C;.</subfield>
    <subfield code="9">63455</subfield>
  </datafield>
  <datafield tag="942" ind1=" " ind2=" ">
    <subfield code="c">GB</subfield>
    <subfield code="2">lcc</subfield>
  </datafield>
  <datafield tag="996" ind1=" " ind2=" ">
    <subfield code="a">jamriang.p</subfield>
    <subfield code="b">CATSTF	</subfield>
    <subfield code="c">2024-03-19</subfield>
  </datafield>
  <datafield tag="999" ind1=" " ind2=" ">
    <subfield code="c">104909</subfield>
    <subfield code="d">104909</subfield>
  </datafield>
  <datafield tag="998" ind1=" " ind2=" ">
    <subfield code="j">8</subfield>
    <subfield code="k"> &#xE19;&#xE32;&#xE22;&#xE1A;&#xE31;&#xE13;&#xE11;&#xE34;&#xE15;  &#xE2D;&#xE38;&#xE17;&#xE32;&#xE27;&#xE07;&#xE04;&#xE4C;</subfield>
  </datafield>
  <datafield tag="952" ind1=" " ind2=" ">
    <subfield code="0">0</subfield>
    <subfield code="1">0</subfield>
    <subfield code="2">lcc</subfield>
    <subfield code="4">0</subfield>
    <subfield code="7">0</subfield>
    <subfield code="8">CGBL</subfield>
    <subfield code="a">NALT</subfield>
    <subfield code="b">NALT</subfield>
    <subfield code="c">GEN</subfield>
    <subfield code="d">2024-03-14</subfield>
    <subfield code="e">193</subfield>
    <subfield code="l">1</subfield>
    <subfield code="m">1</subfield>
    <subfield code="o">DS 568 &#xE20;522&#xE1B; 2563</subfield>
    <subfield code="p">3961222796</subfield>
    <subfield code="r">2024-10-30 00:00:00</subfield>
    <subfield code="s">2024-10-09</subfield>
    <subfield code="w">2024-03-14</subfield>
    <subfield code="y">GB</subfield>
  </datafield>
</record>
